[Event "FWCT 2019"]
[Site "Kazan"]
[Date "2019.06.12"]
[Round "10.3"]
[White "Muzychuk, Anna"]
[Black "Tan, Zhongyi"]
[Result "1/2-1/2"]
[WhiteElo "2539"]
[BlackElo "2513"]
[Annotator "ChessBase"]
[PlyCount "59"]
[EventDate "2019.05.11"]
[EventType "tourn"]
[EventCountry "RUS"]
[SourceTitle "playchess.com"]
[Source "ChessBase"]
[SourceQuality "1"]
[TimeControl "40/5400+30:1800+30"]

1. e4 {[%emt 0:00:00]} e5 {[%emt 0:00:00]} 2. Nf3 {[%emt 0:00:00]} Nc6 {[%emt 0:00:00]} 3. Bc4 {[%emt 0:00:00]} Nf6 {[%emt 0:00:00]} 4. d3 {[%emt 0:00:40]} Bc5 {[%emt 0:00:16]} 5. c3 {[%emt 0:00:17]} d6 {[%emt 0:03:00]} 6. O-O {[%emt 0:00:15]} a6 {[%emt 0:01:08]} 7. a4 {[%emt 0:00:29]} Ba7 {[%emt 0:00:39]} 8. Re1 {[%emt 0:00:19]} O-O {[%emt 0:01:58]} 9. h3 {[%emt 0:00:26]} Kh8 {[%emt 0:09:49]} 10. d4 {[%emt 0:13:31]} h6 {[%emt 0:02:38]} 11. dxe5 {[%emt 0:10:00]} Nxe5 {[%emt 0:00:29]} 12. Nxe5 {[%emt 0:00:07]} dxe5 {[%emt 0:00:06]} 13. Qxd8 {[%emt 0:00:16]} Rxd8 {[%emt 0:00:05]} 14. Nd2 {[%emt 0:00:35]} Kg8 {[%emt 0:01:14]} 15. Nf3 {[%emt 0:05:04]} Re8 {[%emt 0:01:05]} 16. Be3 {[%emt 0:01:34]} Bxe3 {[%emt 0:03:01]} 17. Rxe3 {[%emt 0:00:07]} Bd7 {[%emt 0:00:33]} 18. Ne1 {[%emt 0:05:19]} b5 {[%emt 0:08:59]} 19. Be2 {[%emt 0:04:34]} c5 {[%emt 0:10:11]} 20. Nd3 {[%emt 0:10:57]} c4 {[%emt 0:00:22]} 21. Nb4 {[%emt 0:05:37]} Be6 {[%emt 0:00:15]} 22. Bd1 {[%emt 0:03:04]} Kf8 {[%emt 0:01:36]} 23. Bc2 {[%emt 0:02:21]} Nd7 {[%emt 0:05:05]} 24. a5 {[%emt 0:02:36]} Nc5 {[%emt 0:03:37]} 25. Ree1 {[%emt 0:00:19]} Red8 {[%emt 0:00:39]} 26. Red1 {[%emt 0:00:23]} Rac8 {[%emt 0:02:43]} 27. f3 {[%emt 0:00:53]} Ke8 {[%emt 0:00:21]} 28. Kf2 {[%emt 0:00:54]} f6 {[%emt 0:01:28]} 29. Ke3 {[%emt 0:00:31]} Rxd1 {[%emt 0:00:30]} 30. Rxd1 {[%emt 0:00:11]} 1/2-1/2

[Event "FWCT 2019"]
[Site "Kazan"]
[Date "2019.06.12"]
[Round "10.4"]
[White "Muzychuk, Mariya"]
[Black "Dzagnidze, Nana"]
[Result "1/2-1/2"]
[WhiteElo "2563"]
[BlackElo "2510"]
[Annotator "ChessBase"]
[PlyCount "64"]
[EventDate "2019.05.11"]
[EventType "tourn"]
[EventCountry "RUS"]
[SourceTitle "playchess.com"]
[Source "ChessBase"]
[SourceQuality "1"]
[TimeControl "40/5400+30:1800+30"]

1. e4 {[%emt 0:00:00]} c5 {[%emt 0:00:00]} 2. Nf3 {[%emt 0:00:00]} Nc6 {[%emt 0:00:00]} 3. Bb5 {[%emt 0:00:03]} g6 {[%emt 0:00:00]} 4. Bxc6 {[%emt 0:00:19]} bxc6 {[%emt 0:00:00]} 5. O-O {[%emt 0:00:22]} Bg7 {[%emt 0:00:00]} 6. Re1 {[%emt 0:00:19]} Nh6 {[%emt 0:02:54]} 7. c3 {[%emt 0:02:20]} O-O {[%emt 0:00:06]} 8. h3 {[%emt 0:00:27]} f5 {[%emt 0:00:31]} 9. e5 {[%emt 0:00:16]} Nf7 {[%emt 0:00:09]} 10. d3 {[%emt 0:00:41]} d6 {[%emt 0:01:19]} 11. Bf4 {[%emt 0:00:32]} Ba6 {[%emt 0:03:51]} 12. Nbd2 {[%emt 0:00:46]} dxe5 {[%emt 0:31:43]} 13. Nxe5 {[%emt 0:13:15]} Bxe5 {[%emt 0:00:47]} 14. Bxe5 {[%emt 0:00:06]} Bxd3 {[%emt 0:02:08]} 15. Qb3 {[%emt 0:12:04]} a5 {[%emt 0:17:55]} 16. a4 {[%emt 0:13:18]} Qd7 {[%emt 0:07:30]} 17. Bf4 {[%emt 0:09:17]} g5 {[%emt 0:02:56]} 18. Be5 {[%emt 0:06:11]} f4 {[%emt 0:04:24]} 19. Nf3 {[%emt 0:08:49]} Rad8 {[%emt 0:13:10]} 20. Nxg5 {[%emt 0:11:19]} c4 {[%emt 0:00:04]} 21. Nxf7 {[%emt 0:00:07]} Rxf7 {[%emt 0:00:25]} 22. Qb6 {[%emt 0:00:29]} f3 {[%emt 0:01:51]} 23. Qe3 {[%emt 0:02:29]} Qf5 {[%emt 0:02:25]} 24. Qxf3 {[%emt 0:04:22]} Qxf3 {[%emt 0:00:08]} 25. gxf3 {[%emt 0:00:01]} Rxf3 {[%emt 0:00:16]} 26. Bg3 {[%emt 0:00:32]} Kf7 {[%emt 0:00:54]} 27. Kg2 {[%emt 0:01:25]} Rf5 {[%emt 0:00:17]} 28. Re3 {[%emt 0:00:04]} Re8 {[%emt 0:03:13]} 29. Rae1 {[%emt 0:06:26]} e6 {[%emt 0:00:18]} 30. Re5 {[%emt 0:00:50]} Bc2 {[%emt 0:00:38]} 31. Rxf5+ {[%emt 0:00:42]} exf5 {[%emt 0:00:04]} 32. Rxe8 {[%emt 0:00:25]} Kxe8 {[%emt 0:00:07]} 1/2-1/2

[Event "FWCT 2019"]
[Site "Kazan"]
[Date "2019.06.13"]
[Round "11.1"]
[White "Gunina, Valentina"]
[Black "Dzagnidze, Nana"]
[Result "1-0"]
[WhiteElo "2506"]
[BlackElo "2510"]
[Annotator "TA"]
[PlyCount "211"]
[EventDate "2019.05.11"]
[EventType "tourn"]
[EventCountry "RUS"]
[SourceTitle "playchess.com"]
[Source "ChessBase"]
[SourceQuality "1"]

{[%evp 17,211,8,0,0,0,0,0,-14,-13,-29,-42,-110,-102,-99,-47,-40,-46,-78,-75,-62,-57,-62,-57,-435,-428,-404,-85,-136,-116,-108,-52,-53,-62,-103,-101,-104,-92,-92,-79,-68,-80,-77,-72,-83,-89,-104,-93,-119,-101,-114,-80,-80,-54,-54,-67,-70,-41,-91,-8,-8,-10,-32,-10,-5,-7,-32,0,0,-5,-13,0,0,0,0,0,0,0,0,8,0,8,8,27,8,8,8,14,7,5,0,44,8,35,34,31,31,31,31,38,31,55,45,45,39,39,0,0,0,0,0,8,14,12,8,52,14,164,175,231,242,227,235,244,260,269,245,245,245,210,125,125,125,137,83,84,70,80,56,81,90,97,22,36,8,150,150,150,150,148,146,206,206,854,0,0,0,0,0,6364,244,244,0,0,0,286,206,1945,1595,29981,29975,29982,29983,29988,29989,29989,29990,29990,29991,29991,29983,29983,29984,29984,29984,29985,29986,29995,29992,29992,29986,29986,29987,29987,0,29988,29989]} 1. Nf3 Nf6 2. c4 e6 3. e3 b6 4. b3 Bb7 5. Bb2 d5 6. Be2 dxc4 7. bxc4 c5 8. O-O Be7 9. Nc3 O-O 10. Qc2 {A13: English Opening: 1...e6} Nc6 11. Rad1 Rc8 12. d4 $146 {The position is equal.} ({Predecessor:} 12. Qb1 h6 13. Nb5 a6 14. Nc3 {0-1 (39) Harikrishna,P (2763)-Kramnik,V (2801) Stavanger 2016}) 12... cxd4 13. exd4 Na5 14. d5 (14. Ne5 $15) 14... exd5 $17 15. Ng5 g6 (15... d4 $17 16. Nce4 Nxe4 17. Nxe4 Bc5 18. Nxc5 bxc5) 16. cxd5 $1 $15 Bb4 {[%cal Rf6d5]} (16... Nxd5 17. Nge4 $17) 17. Qd3 Bxc3 $1 18. Bxc3 Nxd5 19. Bd2 {[#]} Nc3 $1 {[%mdl 512]} 20. Rde1 $2 {[%mdl 8192]} (20. Bxc3 $15 Qxg5 21. g3) 20... Nxe2+ $19 21. Qxe2 Re8 $2 (21... Rc2 $19 22. Nxf7 Rxf7 23. Qe8+ Qxe8 24. Rxe8+ Kg7) 22. Qb5 (22. Qxe8+ $142 Qxe8 23. Rxe8+ Rxe8 24. f3) 22... Bc6 23. Qb4 {[#]} Qd5 $1 24. f3 $15 Qc4 25. Qa3 h6 26. Nh3 Qd4+ 27. Be3 Nc4 28. Bxd4 Nxa3 29. Rxe8+ Rxe8 30. Rc1 Bd5 31. Bb2 Nc4 32. Bf6 g5 $1 33. Nf2 Re2 34. Ng4 h5 ({Reject} 34... Rxa2 35. Rd1 $11) 35. Nf2 Rxa2 36. Bxg5 b5 37. Rd1 Be6 ({Black should play} 37... Bc6 $17 38. Rd8+ Kg7) 38. Rd8+ $11 Kg7 {White must now prevent ...f6.} 39. Ne4 $1 f5 40. Nc5 Bf7 41. Rb8 Rb2 42. h4 a5 43. Rb7 Re2 44. Nd3 Re8 45. Rxb5 a4 46. Rxf5 a3 (46... Bg6 $5 47. Rd5 $8 Bxd3 48. Rxd3 a3 49. Rd7+ Kg6 $11) 47. Bf6+ Kg6 48. Rf4 a2 $132 {[%mdl 2048] Black is not keeping still} 49. Ba1 Re3 50. Rf6+ Kg7 51. Kf2 {Strongly threatening Re6+.} Kf8 52. Nc5 Ra3 53. Rc6 Ra5 54. Ne4 Bd5 55. Rc8+ Ke7 56. Nf6 Be6 57. Rc7+ Kd8 58. Rh7 Nd2 59. Nxh5 Nb3 60. Bf6+ Kc8 61. Ng7 Bd7 62. Rh8+ Kb7 63. Rd8 Kc7 {aiming for ...Ra6.} 64. Ne8+ Kc6 65. Rb8 Bxe8 66. Rxe8 {[%mdl 4096] Endgame KRB-KRN} Kd7 (66... a1=R $11 67. Bxa1 Rxa1) 67. Re3 $1 $18 {[%cal Re3b3]} a1=Q (67... a1=B {was worth a try.}) 68. Bxa1 Nxa1 {KRN-KR} 69. g4 $1 Nc2 70. Re4 $1 {[%mdl 1024] White has strong compensation.} Ra6 71. h5 Re6 72. Rc4 Ne3 73. Rd4+ (73. Rc5 $18) 73... Ke7 $16 74. Kg3 Kf6 75. Rd7 (75. f4 $142 $1) 75... Re7 76. Rd6+ ({Weaker is} 76. Rxe7 Kxe7 77. Kf4 Nc4 $18) 76... Re6 77. Rd4 Kg5 78. f4+ Kh6 79. Kf3 ({Better is} 79. Rd8 $16) 79... Nc2 $11 80. Rd2 (80. Rc4 $5 {[%cal Rc4c2]} Ne1+ 81. Kg3 $16) 80... Ne1+ (80... Re3+ $11 {remains equal.} 81. Kf2 Rh3) 81. Kf2 $16 Re4 82. Rd6+ Kh7 83. Rf6 Nc2 {[#]} (83... Nd3+ $16 84. Kf3 Rb4) 84. g5 $1 $18 {[%cal Rg5g6]} Nd4 $2 {[#]} (84... Re7 85. Rh6+ Kg8) 85. Rf7+ $2 (85. g6+ $1 $18 Kg8 86. h6 Re2+ 87. Kg3) 85... Kg8 $11 86. g6 {Threatens to win with h6.} Re6 87. Kg3 {And now Rd7 would win.} Rd6 $2 {[%mdl 8192]} (87... Re1 $11) 88. Kg4 $2 (88. f5 Nxf5+ 89. Rxf5) 88... Ne6 $18 89. Ra7 $2 (89. Kf5 $18 Nf8 90. Ra7) 89... Rd4 $11 90. Rf7 $2 {[%mdl 8192]} (90. Ra8+ $1 $11 Kg7 91. Ra7+ Kg8 92. Rf7) 90... Rd6 $1 $18 91. Re7 {Hoping for Re8+.} Kf8 $2 (91... Rc6 92. h6 Nf8 93. Rg7+ Kh8) 92. Ra7 Ng7 93. f5 Rd4+ 94. Kg5 Rd5 95. Rf7+ Kg8 96. h6 Ne6+ 97. Kf6 Nf8 98. h7+ Nxh7+ 99. Rxh7 {KR-KR} Rd6+ 100. Kg5 Rd1 101. Ra7 Rd8 102. Kh6 Rf8 {[#]} 103. f6 $1 {[%mdl 64] Deflection} Rxf6 104. Ra8+ Rf8 105. Rxf8+ {[%mdl 64] Overworked Piece} Kxf8 106. Kh7 {Accuracy: White = 54%, Black = 50%.} 1-0

[Event "FWCT 2019"]
[Site "Kazan"]
[Date "2019.06.13"]
[Round "11.2"]
[White "Tan, Zhongyi"]
[Black "Kosteniuk, Alexandra"]
[Result "1-0"]
[WhiteElo "2513"]
[BlackElo "2546"]
[Annotator "ChessBase"]
[PlyCount "63"]
[EventDate "2019.05.11"]
[EventType "tourn"]
[EventCountry "RUS"]
[SourceTitle "playchess.com"]
[Source "ChessBase"]
[SourceQuality "1"]
[TimeControl "40/5400+30:1800+30"]

1. d4 {[%emt 0:00:00]} Nf6 {[%emt 0:00:00]} 2. c4 {[%emt 0:00:00]} e6 {[%emt 0:00:00]} 3. Nf3 {[%emt 0:00:00]} Bb4+ {[%emt 0:00:00]} 4. Nc3 {[%emt 0:01:02]} b6 {[%emt 0:00:19]} 5. e3 {[%emt 0:00:17]} Bb7 {[%emt 0:00:13]} 6. Bd3 {[%emt 0:00:21]} O-O {[%emt 0:00:15]} 7. O-O {[%emt 0:00:51]} c5 {[%emt 0:00:11]} 8. dxc5 {[%emt 0:21:31]} Bxc3 {[%emt 0:04:06]} 9. bxc3 {[%emt 0:00:06]} bxc5 {[%emt 0:00:08]} 10. Qc2 {[%emt 0:00:35]} Qc7 {[%emt 0:06:04]} 11. e4 {[%emt 0:01:08]} Nc6 {[%emt 0:00:27]} 12. Re1 {[%emt 0:01:10]} Ng4 {[%emt 0:08:48]} 13. Rb1 {[%emt 0:15:22]} Rab8 {[%emt 0:04:00]} 14. e5 {[%emt 0:03:59]} g6 {[%emt 0:04:48]} 15. Bf4 {[%emt 0:02:22]} f6 {[%emt 0:11:45]} 16. Bxg6 {[%emt 0:15:09]} f5 {[%emt 0:00:46]} 17. Bh5 {[%emt 0:07:04]} Nf6 {[%emt 0:00:19]} 18. exf6 {[%emt 0:00:06]} Qxf4 {[%emt 0:00:04]} 19. Qd3 {[%emt 0:00:23]} Rfd8 {[%emt 0:09:28]} 20. Be8 {[%emt 0:00:41]} Kf8 {[%emt 0:07:06]} 21. f7 {[%emt 0:00:07]} Ba8 {[%emt 0:16:23]} 22. Rxb8 {[%emt 0:03:36]} Nxb8 {[%emt 0:00:12]} 23. Ne5 {[%emt 0:06:52]} d6 {[%emt 0:03:29]} 24. Qh3 {[%emt 0:05:52]} Qg5 {[%emt 0:01:18]} 25. Nf3 {[%emt 0:02:34]} Qg6 {[%emt 0:04:18]} 26. Nh4 {[%emt 0:01:20]} Qg5 {[%emt 0:02:41]} 27. f4 {[%emt 0:00:17]} Qf6 {[%emt 0:01:00]} 28. Qg3 {[%emt 0:00:17]} Qg7 {[%emt 0:07:40]} 29. Qxg7+ {[%emt 0:00:10]} Kxg7 {[%emt 0:00:03]} 30. Rxe6 {[%emt 0:00:07]} Be4 {[%emt 0:00:43]} 31. Rh6 {[%emt 0:00:28]} Nd7 {[%emt 0:00:17]} 32. Rxd6 {[%emt 0:00:09]} 1-0

[Event "FWCT 2019"]
[Site "Kazan"]
[Date "2019.06.13"]
[Round "11.3"]
[White "Goryachkina, Aleksandra"]
[Black "Muzychuk, Anna"]
[Result "1/2-1/2"]
[WhiteElo "2522"]
[BlackElo "2539"]
[Annotator "ChessBase"]
[PlyCount "60"]
[EventDate "2019.05.11"]
[EventType "tourn"]
[EventCountry "RUS"]
[SourceTitle "playchess.com"]
[Source "ChessBase"]
[SourceQuality "1"]
[TimeControl "40/5400+30:1800+30"]

1. d4 {[%emt 0:00:00]} Nf6 {[%emt 0:00:00]} 2. c4 {[%emt 0:00:00]} g6 {[%emt 0:00:00]} 3. Nf3 {[%emt 0:00:00]} Bg7 {[%emt 0:00:06]} 4. g3 {[%emt 0:00:06]} O-O {[%emt 0:00:42]} 5. Bg2 {[%emt 0:00:12]} c6 {[%emt 0:00:33]} 6. O-O {[%emt 0:00:42]} d5 {[%emt 0:00:06]} 7. Qa4 {[%emt 0:00:29]} Bg4 {[%emt 0:07:52]} 8. Nc3 {[%emt 0:03:06]} Nbd7 {[%emt 0:06:34]} 9. cxd5 {[%emt 0:00:44]} cxd5 {[%emt 0:03:25]} 10. Ne5 {[%emt 0:04:07]} Be6 {[%emt 0:03:47]} 11. Rd1 {[%emt 0:07:59]} Nb6 {[%emt 0:09:41]} 12. Qa5 {[%emt 0:02:14]} Nc8 {[%emt 0:07:38]} 13. Qxd8 {[%emt 0:09:37]} Rxd8 {[%emt 0:00:01]} 14. b3 {[%emt 0:02:10]} Ne4 {[%emt 0:06:24]} 15. Bb2 {[%emt 0:01:14]} Ncd6 {[%emt 0:07:39]} 16. Rac1 {[%emt 0:00:55]} Rac8 {[%emt 0:01:26]} 17. e3 {[%emt 0:03:00]} f5 {[%emt 0:05:43]} 18. h4 {[%emt 0:11:54]} Kf8 {[%emt 0:02:50]} 19. Ne2 {[%emt 0:04:10]} Rxc1 {[%emt 0:01:12]} 20. Rxc1 {[%emt 0:00:31]} Rc8 {[%emt 0:00:36]} 21. f3 {[%emt 0:02:41]} Rxc1+ {[%emt 0:00:59]} 22. Bxc1 {[%emt 0:00:09]} Nf6 {[%emt 0:00:08]} 23. Nf4 {[%emt 0:00:33]} Bc8 {[%emt 0:02:33]} 24. Bf1 {[%emt 0:01:17]} Nde8 {[%emt 0:04:47]} 25. Kf2 {[%emt 0:03:36]} Nc7 {[%emt 0:01:02]} 26. Ba3 {[%emt 0:00:55]} Ke8 {[%emt 0:06:24]} 27. Be2 {[%emt 0:03:21]} Nd7 {[%emt 0:01:47]} 28. Ned3 {[%emt 0:00:47]} Nf6 {[%emt 0:00:34]} 29. Ne5 {[%emt 0:04:17]} Nd7 {[%emt 0:00:05]} 30. Ned3 {[%emt 0:00:07]} Nf6 {[%emt 0:00:04]} 1/2-1/2

[Event "FWCT 2019"]
[Site "Kazan"]
[Date "2019.06.13"]
[Round "11.4"]
[White "Lagno, Kateryna"]
[Black "Muzychuk, Mariya"]
[Result "1/2-1/2"]
[WhiteElo "2554"]
[BlackElo "2563"]
[Annotator "ChessBase"]
[PlyCount "82"]
[EventDate "2019.05.11"]
[EventType "tourn"]
[EventCountry "RUS"]
[SourceTitle "playchess.com"]
[Source "ChessBase"]
[SourceQuality "1"]
[TimeControl "40/5400+30:1800+30"]

1. e4 {[%emt 0:00:00]} c5 {[%emt 0:00:00]} 2. Nf3 {[%emt 0:00:00]} e6 {[%emt 0:00:00]} 3. d4 {[%emt 0:00:00]} cxd4 {[%emt 0:00:00]} 4. Nxd4 {[%emt 0:00:00]} Nf6 {[%emt 0:00:00]} 5. Nc3 {[%emt 0:00:09]} Nc6 {[%emt 0:00:04]} 6. Ndb5 {[%emt 0:00:31]} d6 {[%emt 0:00:09]} 7. Bf4 {[%emt 0:00:11]} e5 {[%emt 0:00:05]} 8. Bg5 {[%emt 0:00:04]} a6 {[%emt 0:00:07]} 9. Na3 {[%emt 0:00:12]} b5 {[%emt 0:00:04]} 10. Bxf6 {[%emt 0:00:28]} gxf6 {[%emt 0:00:05]} 11. Nd5 {[%emt 0:00:05]} f5 {[%emt 0:00:06]} 12. g3 {[%emt 0:00:28]} fxe4 {[%emt 0:04:31]} 13. Bg2 {[%emt 0:00:18]} Bg7 {[%emt 0:00:26]} 14. Bxe4 {[%emt 0:00:57]} Be6 {[%emt 0:00:15]} 15. Qh5 {[%emt 0:00:37]} Rc8 {[%emt 0:02:02]} 16. c3 {[%emt 0:00:11]} Ne7 {[%emt 0:02:33]} 17. Rd1 {[%emt 0:01:10]} Rc5 {[%emt 0:01:42]} 18. Nxe7 {[%emt 0:00:27]} Qxe7 {[%emt 0:01:55]} 19. O-O {[%emt 0:00:31]} d5 {[%emt 0:03:05]} 20. Bf5 {[%emt 0:02:25]} Bxf5 {[%emt 0:19:09]} 21. Qxf5 {[%emt 0:00:37]} O-O {[%emt 0:07:06]} 22. Nc2 {[%emt 0:01:15]} Qe6 {[%emt 0:12:35]} 23. Qh5 {[%emt 0:10:19]} a5 {[%emt 0:12:50]} 24. Ne3 {[%emt 0:04:01]} f5 {[%emt 0:03:08]} 25. a3 {[%emt 0:01:48]} e4 {[%emt 0:08:41]} 26. Rd2 {[%emt 0:10:31]} b4 {[%emt 0:01:58]} 27. axb4 {[%emt 0:00:34]} axb4 {[%emt 0:00:03]} 28. Rfd1 {[%emt 0:01:16]} bxc3 {[%emt 0:01:11]} 29. bxc3 {[%emt 0:00:05]} Bh6 {[%emt 0:02:44]} 30. Rd4 {[%emt 0:16:11]} Bxe3 {[%emt 0:03:33]} 31. fxe3 {[%emt 0:00:05]} Qg6 {[%emt 0:01:57]} 32. Qh4 {[%emt 0:03:21]} Rxc3 {[%emt 0:02:01]} 33. Rxd5 {[%emt 0:04:55]} Rxe3 {[%emt 0:00:46]} 34. Rd8 {[%emt 0:01:53]} Re1+ {[%emt 0:01:25]} 35. Rxe1 {[%emt 0:00:09]} Qb6+ {[%emt 0:00:03]} 36. Kg2 {[%emt 0:02:39]} Qxd8 {[%emt 0:00:16]} 37. Qxd8 {[%emt 0:00:07]} Rxd8 {[%emt 0:00:03]} 38. g4 {[%emt 0:00:18]} fxg4 {[%emt 0:00:46]} 39. Rxe4 {[%emt 0:00:04]} h5 {[%emt 0:00:02]} 40. Re5 {[%emt 0:00:00]} Rd2+ {[%emt 0:00:00]} 41. Kg1 {[%emt 0:00:26]} Kg7 {[%emt 0:01:07]} 1/2-1/2

[Event "FWCT 2019"]
[Site "Kazan"]
[Date "2019.06.14"]
[Round "12.1"]
[White "Muzychuk, Mariya"]
[Black "Gunina, Valentina"]
[Result "0-1"]
[WhiteElo "2563"]
[BlackElo "2506"]
[Annotator "ChessBase"]
[PlyCount "162"]
[EventDate "2019.05.11"]
[EventType "tourn"]
[EventCountry "RUS"]
[SourceTitle "playchess.com"]
[Source "ChessBase"]
[SourceQuality "1"]
[TimeControl "40/5400+30:1800+30"]

1. e4 {[%emt 0:00:00]} c6 {[%emt 0:00:00]} 2. d4 {[%emt 0:00:00]} d5 {[%emt 0:00:00]} 3. e5 {[%emt 0:00:00]} Bf5 {[%emt 0:00:00]} 4. Nf3 {[%emt 0:00:13]} e6 {[%emt 0:00:03]} 5. Be2 {[%emt 0:00:24]} Nd7 {[%emt 0:00:08]} 6. O-O {[%emt 0:01:13]} h6 {[%emt 0:00:05]} 7. c3 {[%emt 0:00:29]} Ne7 {[%emt 0:00:11]} 8. Nbd2 {[%emt 0:00:36]} a5 {[%emt 0:00:27]} 9. a4 {[%emt 0:00:41]} Bh7 {[%emt 0:03:21]} 10. Re1 {[%emt 0:03:40]} Qc7 {[%emt 0:06:15]} 11. Nf1 {[%emt 0:02:05]} c5 {[%emt 0:04:07]} 12. dxc5 {[%emt 0:08:10]} Nc6 {[%emt 0:01:46]} 13. Bb5 {[%emt 0:06:01]} Bxc5 {[%emt 0:05:12]} 14. Ng3 {[%emt 0:01:44]} O-O {[%emt 0:02:28]} 15. Qe2 {[%emt 0:05:04]} Rfd8 {[%emt 0:05:49]} 16. Bf4 {[%emt 0:15:35]} d4 {[%emt 0:05:13]} 17. Ne4 {[%emt 0:13:04]} dxc3 {[%emt 0:00:33]} 18. bxc3 {[%emt 0:00:30]} Bf8 {[%emt 0:00:20]} 19. Nd4 {[%emt 0:03:39]} Ne7 {[%emt 0:04:18]} 20. Bxd7 {[%emt 0:11:57]} Rxd7 {[%emt 0:02:05]} 21. Nb5 {[%emt 0:01:02]} Qc6 {[%emt 0:00:33]} 22. Ned6 {[%emt 0:01:15]} Nd5 {[%emt 0:00:52]} 23. Bd2 {[%emt 0:00:13]} Nb6 {[%emt 0:00:38]} 24. c4 {[%emt 0:05:00]} Bxd6 {[%emt 0:11:22]} 25. Nxd6 {[%emt 0:00:33]} Nxa4 {[%emt 0:01:46]} 26. h4 {[%emt 0:01:28]} Nc5 {[%emt 0:08:53]} 27. Rxa5 {[%emt 0:05:56]} Rad8 {[%emt 0:03:55]} 28. Bc3 {[%emt 0:01:50]} f6 {[%emt 0:02:32]} 29. Qg4 {[%emt 0:05:26]} fxe5 {[%emt 0:01:54]} 30. Bxe5 {[%emt 0:00:31]} h5 {[%emt 0:04:24]} 31. Qg5 {[%emt 0:00:44]} Rf8 {[%emt 0:01:51]} 32. Bg3 {[%emt 0:01:04]} b6 {[%emt 0:01:35]} 33. Rxc5 {[%emt 0:00:25]} Qxc5 {[%emt 0:00:06]} 34. Qxc5 {[%emt 0:00:46]} bxc5 {[%emt 0:00:02]} 35. Rxe6 {[%emt 0:00:08]} Bd3 {[%emt 0:00:34]} 36. Re3 {[%emt 0:00:32]} Bg6 {[%emt 0:00:06]} 37. Rb3 {[%emt 0:01:23]} Rf6 {[%emt 0:02:37]} 38. Rb6 {[%emt 0:00:52]} Kh7 {[%emt 0:03:37]} 39. Be5 {[%emt 0:01:00]} Re6 {[%emt 0:00:25]} 40. f4 {[%emt 0:00:00]} Be4 {[%emt 0:00:00]} 41. Kf2 {[%emt 0:03:16]} Ra7 {[%emt 0:05:16]} 42. Rb2 {[%emt 0:09:54]} Ba8 {[%emt 0:02:29]} 43. Re2 {[%emt 0:02:30]} Ra3 {[%emt 0:03:38]} 44. Nf7 {[%emt 0:04:46]} Re7 {[%emt 0:04:26]} 45. Nd6 {[%emt 0:00:06]} Bc6 {[%emt 0:00:27]} 46. Nf5 {[%emt 0:09:38]} Rea7 {[%emt 0:05:15]} 47. Bd6 {[%emt 0:00:09]} Bd7 {[%emt 0:00:54]} 48. Ne3 {[%emt 0:02:08]} R7a5 {[%emt 0:00:12]} 49. Rd2 {[%emt 0:02:16]} Bc6 {[%emt 0:00:12]} 50. Bc7 {[%emt 0:01:16]} Ra6 {[%emt 0:00:27]} 51. Bd6 {[%emt 0:00:05]} R3a5 {[%emt 0:01:23]} 52. Bc7 {[%emt 0:01:06]} Ra2 {[%emt 0:02:26]} 53. Rxa2 {[%emt 0:00:01]} Rxa2+ {[%emt 0:00:04]} 54. Kf1 {[%emt 0:00:02]} Ra6 {[%emt 0:00:21]} 55. Bd8 {[%emt 0:00:20]} Be4 {[%emt 0:00:49]} 56. Be7 {[%emt 0:00:13]} Rc6 {[%emt 0:00:46]} 57. f5 {[%emt 0:00:41]} Kg8 {[%emt 0:00:11]} 58. Kf2 {[%emt 0:00:36]} Kf7 {[%emt 0:00:05]} 59. Bg5 {[%emt 0:00:19]} Ra6 {[%emt 0:00:08]} 60. Bd8 {[%emt 0:00:42]} Ke8 {[%emt 0:03:39]} 61. Bg5 {[%emt 0:00:20]} Ra2+ {[%emt 0:02:30]} 62. Kg1 {[%emt 0:02:14]} Kf7 {[%emt 0:01:34]} 63. Kh2 {[%emt 0:00:24]} Bd3 {[%emt 0:00:27]} 64. Bf4 {[%emt 0:00:15]} Kf6 {[%emt 0:01:05]} 65. Bd6 {[%emt 0:00:22]} Ra5 {[%emt 0:00:09]} 66. Bf8 {[%emt 0:01:46]} Bxf5 {[%emt 0:04:41]} 67. Bxg7+ {[%emt 0:00:02]} Ke6 {[%emt 0:00:05]} 68. Bf8 {[%emt 0:00:30]} Bd3 {[%emt 0:00:17]} 69. Kg3 {[%emt 0:01:13]} Ke5 {[%emt 0:00:15]} 70. Kf3 {[%emt 0:01:04]} Be4+ {[%emt 0:00:39]} 71. Kg3 {[%emt 0:00:30]} Bc6 {[%emt 0:00:41]} 72. Be7 {[%emt 0:00:27]} Ke4 {[%emt 0:00:17]} 73. Bg5 {[%emt 0:00:50]} Ra2 {[%emt 0:00:31]} 74. Bh6 {[%emt 0:00:50]} Re2 {[%emt 0:00:34]} 75. Nd5 {[%emt 0:00:45]} Bxd5 {[%emt 0:00:58]} 76. cxd5 {[%emt 0:00:03]} Kxd5 {[%emt 0:00:05]} 77. Kf3 {[%emt 0:00:03]} Re4 {[%emt 0:00:22]} 78. g3 {[%emt 0:00:21]} Kd4 {[%emt 0:00:56]} 79. Bg7+ {[%emt 0:00:37]} Kd3 {[%emt 0:00:11]} 80. Bc3 {[%emt 0:00:28]} c4 {[%emt 0:00:29]} 81. Bb2 {[%emt 0:00:07]} Rg4 {[%emt 0:00:04]} 0-1